000 00530nam a2200193Ia 4500
005 20250326143313.0
008 250326s9999 xx 000 0 und d
020 _a1-58826-136-0
037 _aTextbook
040 _aFMSL
_beng
_cFMSL
041 _aeng
_2eng
084 _aX:74obY P3
_qFMSL
100 _aWenger A
_9747792
245 0 _aConflict prevention
_cWenger A; Mockli D
260 _aLondon
_bLondon, Lynne Rienner
_c2003
300 _aviii,231
942 _cTB
_hX:74obY P3
999 _c1298990
_d1298990